000 00569nam a2200229Ia 4500
003 OSt
005 20220918212105.0
006 a|||||r|||| 00| 0
007 ta
008 220917b |||||||| |||| 00| 0 eng d
024 _a127,203
037 _cTextual
040 _aARTS
_cARTS
_beng
041 _2eng
_aeng
082 _aX, K25
100 _aDye Howard S
_9122436
245 0 _aEconomics
_b principles, problems, and perspectives
260 _c1962
650 _aECONOMICS
942 _hX, K25
_cTEXL
_2CC
999 _c250345
_d250345